| 000 | 00489nam a2200169Ia 4500 | ||
|---|---|---|---|
| 005 | 20250508152542.0 | ||
| 008 | 008 250505s9999 xx 000 0 hin d | ||
| 037 | _aTextual | ||
| 040 |
_aFEDL _beng _cFEDL |
||
| 041 |
_ahin _2eng |
||
| 084 |
_a491.438, PUN _qFEDL |
||
| 245 | 0 | _aHindi ki pustak: Athvi shreni ki liye | |
| 260 |
_aPunjab, India _bTroller of Printing and Stationery _c1956 |
||
| 300 | _a231p. | ||
| 942 |
_cTEXL _h491.438, PUN |
||
| 999 |
_c1337187 _d1337187 |
||